000 00680nam a22002297a 4500
005 20141128133428.0
008 141128b xxu||||| |||| 00| 0 eng d
020 _a9781903436455
_c979
040 _aLoreto College
041 _aEnglish
082 _a822.33 ID
_bOTH-HON
100 _aShakespeare, William
_d1564-1616
245 _aOthelo
_cWilliam Shakespeare. Edited by E.A.J. Honigmann
260 _aLondon
_bArden Shakespeare
_c1997
300 _axvi,409p
_b23 cm
440 _aThe Arden Shakespeare
504 _aIncludes references and index
650 _aShakespearan Drama
_ySixteenth Century
700 _4ed.
_aHonigmann, E.A.J.
850 _aLCLIB
942 _cBK
999 _c39628
_d90107